Estadísticas para Chile por Letras e Imágenes

Haz click aquí para tomar la prueba!

Estadísticas generales

  • Esta prueba ha sido tomada 45 veces
  • La puntuación promedio es 11 de 26

Estadísticas de respuestas

Respuesta% Correcto
Andes
100%
Gabriela Mistral
74%
Mapuche
74%
Rapa Nui
74%
Violeta Parra
74%
Sebastián Piñera
71%
Chiloé
66%
Isabel Allende
63%
Juan Fernández
61%
Pedro de Valdivia
55%
Lautaro/Leftraru
50%
Diego de Almagro
47%
(Puerto) Williams
45%
Frutillar
37%
Humberstone
29%
Biobío
18%
Nevado Ojos del Salado
18%
Ñuñoa
18%
Osorno
16%
Temuco
16%
Elqui
13%
Kawésqar
13%
Última Esperanza
13%
Quillota
11%
ZOFRI
8%
Yumbel
3%

Distribución de puntuación

Porcentaje por número respondido

Porcentaje de gente con cada puntuación

Historial de tus puntuaciones

No has tomado esta prueba